| 000 | 00781nam a2200241 i 4500 | ||
|---|---|---|---|
| 001 | 14738 | ||
| 003 | ES-MaACL | ||
| 005 | 20231216062903.0 | ||
| 007 | t| | ||
| 008 | 980825s1998 sp ||||0| spa j | ||
| 020 | _a84-7959-209-5 | ||
| 040 |
_aM-BN _bspa _cM-BN |
||
| 080 | _a821.134.2-14"19" | ||
| 100 | 1 |
_aJiménez Martos, Luis, _d1926-2003 _966562 |
|
| 245 | 1 | 0 |
_aCelebraciones / _cLuis Jiménez Martos. |
| 260 |
_aCórdoba : _bObra Social y Cultural Cajasur, _c1998. |
||
| 300 |
_a46 p. ; _c15 cm. |
||
| 490 | 1 |
_aLos cuadernos de Sandua ; _v29 |
|
| 710 | 2 |
_aCajasur. _bObra Social y Cultural. _92348 |
|
| 830 | 0 |
_aLos cuadernos de Sandua ; _v29 _9228529 |
|
| 852 |
_aES-MaACL _jL-21950 _bR.126814 _q. - Ded. autógr. del autor |
||
| 999 |
_c14738 _d14738 |
||